vufinder Bibliothèque Municipale de Charleval de Provence
Se connecter

Courir au féminin, une passion !

guide pour toutes les femmes qui souhaitent garder la forme, maigrir et s'amuser avec la course à pied

Book Cover
Auteur principal: Cinzia Medaglia
D'autres auteurs: Aliza Milizia
Support: Livres
Langue: Francais
Publié: 2016 Gremese Rome
Genre: Documentaire
Collection: Sports & loisirs
Sujets:
Étiquettes: Ajouter
Pas de Tags !

LEADER 01205nam0a2200217 450
001 16848259
010 |a 978-2-36677-107-7  |b br.  |d 15 € 
100 |a 20160727d2016 u u0frey01 ba 
101 0 |a fre 
102 |a FR 
200 0 |a Courir au féminin, une passion !  |e guide pour toutes les femmes qui souhaitent garder la forme, maigrir et s'amuser avec la course à pied  |f Cinzia Medaglia, Aliza Milizia 
207 1 |a   
210 |a Rome  |c Gremese  |d 2016 
215 |a 1 vol. (168 p.)  |c illustrations en noir et blanc  |d 21 x 15 cm 
225 1 |a Sports & loisirs 
330 |a Des conseils pour choisir sa tenue de running, s'entraîner à la course à pieds en fonction de son objectif et du temps disponible, adopter une alimentation adaptée pour améliorer ses performances ou perdre du poids, etc. Avec des tableaux d'entraînement, des indications pour les compétitions et une section dédiée aux activités complémentaires (natation, stretching, musculation, etc.). 
700 0 |a Medaglia  |b Cinzia  |4 70 
701 0 |a Milizia  |b Aliza  |4 70 
900 |a Documentaire 
901 |a Accessible au prêt 
995 |a Bibliothèque  |c Bibliothèque  |f 00156012320396  |h 00156012320396  |k 796.42 MED  |o p  |q a  |r az  |e Bibliothèque 

Options de recherche

Historique de recherche
Recherche avancée

Trouver plus

Nouveautés

Besoin d'aide ?

Contacter un bibliothécaire